[Event "Titled Tuesday intern op 20th May Late"]
[Site "Chess.com INT"]
[Date "2025.05.20"]
[Round "11"]
[White "Erigaisi, Arjun Kumar"]
[Black "Carlsen, Magnus"]
[Result "1-0"]
[WhiteElo "2782"]
[BlackElo "2837"]
[PlyCount "71"]
[EventDate "2025.05.20"]
[EventType "swiss (blitz)"]
[EventRounds "11"]
[EventCountry "USA"]
[SourceTitle "CB22_2025"]
[SourceDate "2025.05.28"]
[SourceVersion "1"]
[SourceVersionDate "2025.05.28"]
[SourceQuality "1"]

1. d4 Nf6 2. Nf3 b6 3. e3 Bb7 4. c4 e6 5. Bd3 d5 6. 0-0 Nbd7 7. Nc3 dxc4 8. Bxc4 a6 9. Qe2 b5 10. Bd3 c5 11. Rd1 cxd4 12. Nxd4 Qb8 13. b3 Bd6 14. h3 0-0 15. Bb2 Nc5 16. Bc2 b4 17. Nb1 Nce4 18. Nd2 Nc3 19. Bxc3 bxc3 20. Nc4 Bh2+ 21. Kh1 Bc7 22. Rac1 g6 23. Bb1 Nd5 24. Be4 Rc8 25. Qf3 Bd8 26. Ne2 f5 27. Bxd5 exd5 28. Rxd5 Bf6 29. Nxc3 Bxd5 30. Nxd5 Bd8 31. e4 Ra7 32. exf5 Rf7 33. f6 Qb5 34. Re1 Rc5 35. Nd6 Qd7 36. Nxf7 1-0

[Event "Titled Tuesday intern op 20th May Late"]
[Site "Chess.com INT"]
[Date "2025.05.20"]
[Round "5"]
[White "Obregon Rivero, Juan Carlos"]
[Black "Carlsen, Magnus"]
[Result "0-1"]
[WhiteElo "2476"]
[BlackElo "2837"]
[PlyCount "82"]
[EventDate "2025.05.20"]
[EventType "swiss (blitz)"]
[EventRounds "11"]
[EventCountry "USA"]
[SourceTitle "CB22_2025"]
[SourceDate "2025.05.28"]
[SourceVersion "1"]
[SourceVersionDate "2025.05.28"]
[SourceQuality "1"]

1. e4 c5 2. Nf3 d6 3. d4 cxd4 4. Nxd4 Nf6 5. Nc3 a6 6. Be2 e5 7. Nb3 Be7 8. 0-0 0-0 9. Be3 Be6 10. a4 Nbd7 11. a5 Rc8 12. Qd2 Qc7 13. Rfd1 h6 14. f3 Rfd8 15. Bf1 Qb8 16. Nd5 Bxd5 17. exd5 e4 18. f4 Ng4 19. c4 Nxe3 20. Qxe3 Bf6 21. Rab1 Re8 22. Nd4 Bxd4 23. Rxd4 b6 24. axb6 Qxb6 25. b4 a5 26. b5 a4 27. Kf2 Nc5 28. Be2 Ra8 29. Rb2 a3 30. Ra2 Ra4 31. g3 Rea8 32. h4 Qa7 33. Kg2 Rb4 34. f5 Rb3 35. Qf4 Rb2 36. Rd2 Rxd2 37. Qxd2 Qa4 38. f6 Qb3 39. fxg7 e3 40. Qd4 Qxa2 41. Qg4 Qb2 0-1

[Event "Titled Tuesday intern op 06th May Early"]
[Site "Chess.com INT"]
[Date "2025.05.06"]
[Round "8"]
[White "Carlsen, Magnus"]
[Black "Moussard, Jules"]
[Result "1-0"]
[WhiteElo "2837"]
[BlackElo "2597"]
[PlyCount "93"]
[EventDate "2025.05.06"]
[EventType "swiss (blitz)"]
[EventRounds "11"]
[EventCountry "USA"]
[SourceTitle "CB20_2025"]
[SourceDate "2025.05.14"]
[SourceVersion "1"]
[SourceVersionDate "2025.05.14"]
[SourceQuality "1"]

1. e4 c5 2. Nf3 d6 3. d4 cxd4 4. Nxd4 Nf6 5. Nc3 a6 6. a4 e5 7. Nf3 Be7 8. Bg5 Be6 9. Bxf6 Bxf6 10. Nd5 Nd7 11. Bc4 0-0 12. a5 Qc8 13. Qe2 Bd8 14. 0-0 Kh8 15. Rfd1 f5 16. exf5 Bxf5 17. Ne3 Be4 18. Rxd6 Bxf3 19. gxf3 Nf6 20. Re6 Nh5 21. Ng2 Bf6 22. Rd1 Qc7 23. Qe4 Rad8 24. Rxd8 Rxd8 25. Bd3 g6 26. Rb6 Rd7 27. Ne3 Bg7 28. Qc4 Qd8 29. Qb4 Bf8 30. Qe4 Qg5+ 31. Kf1 Bc5 32. Re6 Re7 33. h4 Qf4 34. Rxe7 Bxe7 35. Qxb7 Qxh4 36. Nd5 Bf8 37. Qb8 Kg7 38. Qxe5+ Kh6 39. Ke2 Bc5 40. Ne3 Nf4+ 41. Kd1 Bxe3 42. Qxe3 Qh1+ 43. Kd2 g5 44. Bxa6 Qb1 45. Qb6+ Kh5 46. Bd3 Qg1 47. a6 1-0

[Event "Titled Tuesday intern op 01st Apr Early"]
[Site "Chess.com INT"]
[Date "2025.04.01"]
[Round "1"]
[White "Carlsen, Magnus"]
[Black "Asish, Panda"]
[Result "1-0"]
[WhiteElo "2833"]
[BlackElo "1911"]
[PlyCount "73"]
[EventDate "2025.04.01"]
[EventType "swiss (blitz)"]
[EventRounds "11"]
[EventCountry "USA"]
[SourceTitle "CB15_2025"]
[SourceDate "2025.04.09"]
[SourceVersion "1"]
[SourceVersionDate "2025.04.09"]
[SourceQuality "1"]

1. d4 d5 2. c4 e6 3. Nc3 Nf6 4. cxd5 exd5 5. Bg5 c6 6. e3 Bd6 7. Bd3 0-0 8. Nge2 h6 9. Bh4 Na6 10. Bxa6 bxa6 11. Bg3 a5 12. 0-0 Rb8 13. b3 Ba6 14. Re1 Re8 15. Rc1 Rc8 16. Bxd6 Qxd6 17. Qd2 Qb4 18. Rcd1 Re7 19. Ng3 Rec7 20. Na4 Qb8 21. Qxa5 Bb5 22. Nc5 Nd7 23. Nxd7 Rxd7 24. a4 Rb7 25. h3 Rb6 26. axb5 Rxb5 27. Qa4 Rxb3 28. Ra1 Rc7 29. Rec1 Qb7 30. Nf5 h5 31. Qa5 g6 32. Nd6 Qb8 33. e4 dxe4 34. Nxe4 Qd8 35. Qe5 Re7 36. Nf6+ Kh8 37. Qg5 1-0